000
00329nam a22001457a 4500
003
OSt
008
250129b |||||||| |||| 00| 0 eng d
020
_a
9789355329578
100
_a
BALAGURUSAMY,E
245
_a
Design Thinking
260
_a
New Delhi
_b
TMH
_c
-
300
_a
177
700
_a
VIJAYAKUMAR,Bindu
942
_2
ddc
_c
BK
999
_c
13051
_d
13051